000 00647cab a2200205 4500
001 WB3042-14
008 090401t1994 xxu||||| |||| 00| 0 eng d
035 _a(Sirsi) u76651
041 _aeng
245 _aShorter-lease sweetener
260 _c1994
350 _a0
490 _aProperty Week
_v49(6) 10 November 1994, 10(1)
520 _aRetailers would be prepared to pay more rent for shorter leases according to Roger Groom president of the British Council of Shopping Centres.
650 _aRETAIL PROPERTY
650 _aSHORT LEASES
690 _aPROPERTY-COMMERCIAL PROPERTY-RETAIL PROPERTY
942 _n0
948 _c04/03/1997
999 _c48166
_d48166